Legislatívne a metodické aspekty zamedzenia dvojitého zdanenia
Charakteristika dvojitého zdanenia. Princípy medzinárodného zdanenia a ich konfliktnosť. Optarenia na odstránenie medzinárodného dvojitého zdanenia. Medzinárodné zmluvy o zamedzení dvojitého zdanenia vo svete. Snahy o prijatie konvencie o zamedzení dvojitého zdanenia v Európskej únii.
Gespeichert in:
| 1. Verfasser: | |
|---|---|
| Format: | Buchkapitel |
| Sprache: | Slowakisch |
| Schlagworte: | |
| Tags: |
Keine Tags, Fügen Sie das erste Tag hinzu!
|
MARC
| LEADER | 00000naa$a2200000$$$4500 | ||
|---|---|---|---|
| 001 | 0089784 | ||
| 005 | 20240502072012.8 | ||
| 041 | 0 | |a slo | |
| 044 | |a SK | ||
| 245 | 1 | 0 | |a Legislatívne a metodické aspekty zamedzenia dvojitého zdanenia |c Gizela Lénártová |
| 520 | |a Charakteristika dvojitého zdanenia. Princípy medzinárodného zdanenia a ich konfliktnosť. Optarenia na odstránenie medzinárodného dvojitého zdanenia. Medzinárodné zmluvy o zamedzení dvojitého zdanenia vo svete. Snahy o prijatie konvencie o zamedzení dvojitého zdanenia v Európskej únii. | ||
| 610 | 2 | 0 | |a zdaňovanie medzinárodné |
| 610 | 2 | 0 | |a zdanenie dvojité |
| 610 | 2 | 0 | |a dane |
| 610 | 2 | 0 | |a harmonizácia |
| 610 | 2 | 0 | |a legislatíva |
| 610 | 2 | 0 | |a zmluvy medzinárodné |
| 610 | 2 | 0 | |a Európska únia |
| 610 | 2 | 0 | |a modely |
| 100 | 1 | |a Lénártová, Gizela | |